Дело о сближении раскольников с православием (мнения семнадцати епископов)

Доступно только в Электронных читальных залах Найти на картеНа карте
RUSMARC
00003840nmc2a2200000 x 450
00132e91988-f1ff-4008-8516-d22281b687a8
00520170929133551.0
100##$a20160120l18641864k l0rusy0189 ca
1010#$arus
102##$aRU
2001#$aДело о сближении раскольников с православием (мнения семнадцати епископов)
$j6 апреля - 30 декабря 1864 г.
251##$cДело
300##$aДело
801#0$aRU
$bРГИА
$c20160120
$gRCR
801#1$aRU
$bГлавНИВЦ
$c20160120
$2rusmarc
801#2$aRU
$bПБ им. Б.Н. Ельцина
$c20170929
$gRCR
$2rusmarc
850##$aРГИА
852##$aРГИА
$eФедеральное казенное учреждение "Российский государственный исторический архив" (РГИА)
$j48
937##$hРГИА
$d12196803
$aASBIBLIO_SCAN
215##$a76 л.
$d36,5х26 см
371##$aДокумент не является опубликованным и широко распространяемым
105##$ay###
1222#$ad
461#0$1001b1f99367-c32c-4622-b459-2b3448ffecf4
$12001
$aФиларет (до монашества - Василий Михайлович Дроздов) (1783-1867), член Синода, ректор Петербургской духовной академии, митрополит Московский и Коломенский
$1251
$cФонд
$1852
$j832
462#0$1001940c438b-e4d1-4ae5-ae01-8cacda3d18e1
$12001
$aЗаписки Филарета и другие материалы по разным вопросам управления церковью в России, о положении православной церкви за границей, о расколе
$1251
$cОпись
$1852
$j1
035##$a32e91988-f1ff-4008-8516-d22281b687a8
856##$uhttp://readingroom.main.prlib.ru/item.aspx?id_node=n105728825&mode=full
Формат отображения